A lingüistiquearla!

Salvato in:
Dettagli Bibliografici
Autori principali: Mare, María (autora), Casares, María Fernanda (Autore)
Natura: Libro
Lingua:spagnolo
Pubblicazione: Neuquén EDUCO 2018
Edizione:1a. ed
Soggetti:
Tags: Aggiungi Tag
Nessun Tag, puoi essere il primo ad aggiungerne!!

MARC

LEADER 00000cam a2200000 a 4500
001 UCC7860
003 CL-VaPUC
008 190510e20180000ag |||||||||||||||||spa|d
020 |a 9789876045032 
082 0 4 |a 410  |b MAR  |2 21 
100 |a Mare, María  |e autora  |9 602628 
700 0 |a Casares, María Fernanda  |e author  |9 602629 
245 1 0 |a A lingüistiquearla! 
250 |a 1a. ed 
300 |a 203 p 
942 |c BK 
945 |d 20190510 15:30:00  |a dcastane 
260 |a Neuquén  |b EDUCO  |c 2018 
650 0 |a Lingüística  |9 265068 
650 0 |a Tiempos verbales  |9 464772 
650 0 |a Gramática  |9 270497 
583 |a last modification  |c 20190510 15:30:00  |k Rodrigo Vera 
999 |c 374409  |d 374407 
952 |0 0  |1 0  |3 erb  |4 0  |6 410_000000000000000_MAR_2018  |7 0  |8 A  |9 492928  |a BIBEDU  |b BIBEDU  |i 554744K  |o 410 MAR 2018  |p 554744K  |r 2019-11-24  |w 2019-11-24  |y BK  |z Catalogado en:20190510  |k LIT